000 00459nam a2200181Ia 4500
001 25169
005 20260414151132.0
008 260414t2025||||xx |||||||||||||| ||spa||
041 _aESP
082 _a346.3
_bA32
100 _aAguilar Llanos, Benjamín,
_eAUT
245 0 _aLa sucesión intestada :
_bn enfoque teórico-práctico
260 _c2025
300 _a366 páginas :
_c25 cm.
650 _aDER
654 _aCDE
942 _cLIB
_dJUS
_fJUS
_2ddc
_n
999 _c25169
_d25169